<?xml version="1.0" encoding="UTF-8"?>
<record
    xmlns:xsi="http://www.w3.org/2001/XMLSchema-instance"
    xsi:schemaLocation="http://www.loc.gov/MARC21/slim http://www.loc.gov/standards/marcxml/schema/MARC21slim.xsd"
    xmlns="http://www.loc.gov/MARC21/slim">

  <leader>02346nam a2200277   4500</leader>
  <controlfield tag="001">ESSALUD</controlfield>
  <controlfield tag="005">20260701103826.0</controlfield>
  <controlfield tag="007">ta</controlfield>
  <controlfield tag="008">      t        pe ||||| |||| 00| 0 spa d</controlfield>
  <datafield tag="040" ind1=" " ind2=" ">
    <subfield code="a">BMG</subfield>
  </datafield>
  <datafield tag="041" ind1=" " ind2=" ">
    <subfield code="a">spa</subfield>
  </datafield>
  <datafield tag="100" ind1=" " ind2=" ">
    <subfield code="a">Lazo Guerrero, Dar&#xED;o</subfield>
    <subfield code="e">Autor</subfield>
    <subfield code="9">52945</subfield>
  </datafield>
  <datafield tag="245" ind1=" " ind2=" ">
    <subfield code="a">La realidad actual del proceso de desalojo con cl&#xE1;usula de allanamiento a futuro</subfield>
    <subfield code="b">&#xBF;Los jueces resuelven de manera "expr&#xE9;s"?</subfield>
  </datafield>
  <datafield tag="246" ind1=" " ind2=" ">
    <subfield code="a">The current reality of the eviction process with a future search el a use</subfield>
    <subfield code="b">Do judges resolve "expressly"?</subfield>
  </datafield>
  <datafield tag="300" ind1=" " ind2=" ">
    <subfield code="a">p&#xE1;ginas 82-92</subfield>
  </datafield>
  <datafield tag="520" ind1=" " ind2=" ">
    <subfield code="a">El autor analiza el tr&#xE1;mite actual que se le viene dando al proceso judicial de desalojo con cl&#xE1;usula de allanamiento a futuro, explicando los recursos legales y argucias que las partes utilizan con la &#xFA;nica finalidad de convertir esta alternativa procesal en una v&#xED;a que prolongue indebidamente sus resultados. As&#xED; tambi&#xE9;n, precisa los aspectos que deber&#xED;an modificarse en el art&#xED;culo 594 del C&#xF3;digo Procesal Civil para mejorar esta v&#xED;a procedimental y, de esta forma, lograr que este proceso sea en la realidad un "desalojo expr&#xE9;s". Finalmente, expone las razones por las cuales se deber&#xED;a viabilizar las medidas cautelares de desalojo anticipado para este tipo de casos.</subfield>
  </datafield>
  <datafield tag="520" ind1=" " ind2=" ">
    <subfield code="a">The authar analyzes the current procedure that is being given ta the judicial evictian process with a future search c/ause, explaining the legal resources and tricks that the porties use with the sale purpase af converting this pracedural alternative into a path that unduly pralongs its results. Likewise, it specifies the aspects that should be modified in article 594 of the Civil Procedure Code to imprave this procedural raute and, in this way, ensure that this pracess is in reality an "express eviction." Final/y, it expfains the reasons why precoutionary measures for earfy eviction shauld be made viable far this type of cose.</subfield>
  </datafield>
  <datafield tag="650" ind1=" " ind2=" ">
    <subfield code="a">DESALOJO</subfield>
    <subfield code="9">52946</subfield>
  </datafield>
  <datafield tag="650" ind1=" " ind2=" ">
    <subfield code="a">CL&#xC1;USULA DE ALLANAMIENTO A FUTURE</subfield>
    <subfield code="9">53038</subfield>
  </datafield>
  <datafield tag="650" ind1=" " ind2=" ">
    <subfield code="a">OCUPANTE PRECARIO</subfield>
    <subfield code="9">52948</subfield>
  </datafield>
  <datafield tag="650" ind1=" " ind2=" ">
    <subfield code="a">EVICTION</subfield>
    <subfield code="9">52949</subfield>
  </datafield>
  <datafield tag="650" ind1=" " ind2=" ">
    <subfield code="a">FUTURE TRESPASS CLAUSE</subfield>
    <subfield code="9">52950</subfield>
  </datafield>
  <datafield tag="650" ind1=" " ind2=" ">
    <subfield code="a">PRECORIOUS ACCUPANT</subfield>
    <subfield code="9">52951</subfield>
  </datafield>
  <datafield tag="773" ind1="0" ind2=" ">
    <subfield code="0">22573</subfield>
    <subfield code="9">22620</subfield>
    <subfield code="d">Lima Grupo Praxis Formaci&#xF3;n Profesional, 2026-</subfield>
    <subfield code="o">PRA001</subfield>
    <subfield code="t">Praxis Civil &amp; Procesal Civil</subfield>
    <subfield code="w">ESSALUD</subfield>
    <subfield code="x">3119-7671</subfield>
  </datafield>
  <datafield tag="942" ind1=" " ind2=" ">
    <subfield code="c">ARTICULOS</subfield>
    <subfield code="e">2026-06-30</subfield>
    <subfield code="z">sqb</subfield>
  </datafield>
  <datafield tag="999" ind1=" " ind2=" ">
    <subfield code="c">22578</subfield>
    <subfield code="d">22578</subfield>
  </datafield>
</record>
